Welcome to CU Library Online Public Access Catalogue (OPAC)

General theory of law and state / (Record no. 133)

MARC details
000 -LEADER
fixed length control field 00755cam a2200241 a 4500
001 - CONTROL NUMBER
control field 1671408
005 - DATE AND TIME OF LATEST TRANSACTION
control field 20241023122621.0
008 - FIXED-LENGTH DATA ELEMENTS--GENERAL INFORMATION
fixed length control field 981112r19991945nju b 001 0 eng
020 ## - INTERNATIONAL STANDARD BOOK NUMBER
International Standard Book Number 1886363749 (alk. paper)
041 1# - LANGUAGE CODE
Language code of text/sound track or separate title eng
Language code of original ger
050 00 - LIBRARY OF CONGRESS CALL NUMBER
Classification number K252
Item number .K45 1999
082 00 - DEWEY DECIMAL CLASSIFICATION NUMBER
Classification number 340/.1
Edition information 21
100 1# - MAIN ENTRY--PERSONAL NAME
Personal name Kelsen, Hans,
Dates associated with a name 1881-1973.
245 10 - TITLE STATEMENT
Title General theory of law and state /
Statement of responsibility, etc. by Hans Kelsen ; translated by Anders Wedberg.
260 ## - PUBLICATION, DISTRIBUTION, ETC.
Place of publication, distribution, etc. Union, N.J. :
Name of publisher, distributor, etc. Lawbook Exchange,
Date of publication, distribution, etc. 1999.
300 ## - PHYSICAL DESCRIPTION
Extent xxxiii, 516 p. ;
Dimensions 23 cm.
Other physical details Index
500 ## - GENERAL NOTE
General note Originally published: Cambridge : Harvard University Press, 1945.
650 #0 - SUBJECT ADDED ENTRY--TOPICAL TERM
Topical term or geographic name entry element State, The.
650 #0 - SUBJECT ADDED ENTRY--TOPICAL TERM
Topical term or geographic name entry element Law
General subdivision Philosophy.
650 #0 - SUBJECT ADDED ENTRY--TOPICAL TERM
Topical term or geographic name entry element International law.
650 #0 - SUBJECT ADDED ENTRY--TOPICAL TERM
Topical term or geographic name entry element Natural law.
942 ## - ADDED ENTRY ELEMENTS (KOHA)
Source of classification or shelving scheme Library of Congress Classification
Koha item type Books
Suppress in OPAC No
999 ## -
-- 133
-- 133
Holdings
Withdrawn status Lost status Source of classification or shelving scheme Damaged status Not for loan Collection Home library Current library Shelving location Date acquired Total checkouts Full call number Barcode Date last seen Copy number Price effective from Koha item type
    Library of Congress Classification     Non-fiction Law Library (Miotso) Law Library (Miotso) Reference 10/23/2024   K252.K45 llm00000209 10/23/2024 1 10/23/2024 Books
© 2023-2024 Copyright: Central University Libraries. All Rights Reserved | Created by: Mahone Tech Office